| 000 | 00358nam a2200133Ia 4500 | ||
|---|---|---|---|
| 008 | 230818s1998 xx 000 0 und d | ||
| 041 | _aeng | ||
| 100 | _aOjugo C. | ||
| 245 | _aPractical Food & Beverage Cost Control | ||
| 260 |
_bDelmar pub. Bestan _c1998 |
||
| 300 | _a404p | ||
| 520 | _aHard Board | Reference Copy | ||
| 999 |
_c854537 _d854537 |
||
| 650 | _aFood and Beverage service | ||